| Tag |
First Indicator |
Second Indicator |
Subfields |
| LEADER |
00000cam a2200000 i 4500 |
| 001 |
in00005756052 |
| 005 |
20260326210322.1 |
| 006 |
m o d |
| 007 |
cr cnu---unuuu |
| 008 |
140926s1959 nyu o 100 0 eng d |
| 040 |
|
|
|a OPELS
|b eng
|e rda
|e pn
|c OPELS
|d OCLCF
|d OCL
|d OCLCO
|d OCLCA
|d OCLCQ
|d OCLCO
|d COM
|d OCLCO
|d OCLCQ
|d OCLCO
|d OCLCL
|
| 020 |
|
|
|z 9781483197371
|
| 035 |
|
|
|a (OCoLC)891387276
|
| 050 |
|
4 |
|a QH325
|
| 082 |
0 |
4 |
|a 576.8/3
|2 23
|
| 049 |
|
|
|a TXAM
|
| 111 |
2 |
|
|a International Symposium on the Origin of Life on the Earth
|n (1st :
|d 1957 :
|c Moscow, Russia)
|
| 245 |
1 |
4 |
|a The origin of life on the Earth :
|b held at Moscow, 19-24 August 1957 /
|c edited for the Academy of Sciences of the U.S.S.R. by A.I. Oparin, A.G. Pasynskii, A.E. Braunshtein, T.E. Pavlovskaya ; edited for the International Union of Biochemistry by F. Clark and R.L.M. Synge.
|
| 250 |
|
|
|a English-French-German edition.
|
| 264 |
|
1 |
|a New York :
|b Pergamon Press,
|c 1959.
|
| 300 |
|
|
|a 1 online resource
|
| 336 |
|
|
|a text
|b txt
|2 rdacontent
|
| 337 |
|
|
|a computer
|b c
|2 rdamedia
|
| 338 |
|
|
|a online resource
|b cr
|2 rdacarrier
|
| 500 |
|
|
|a International conference proceedings.
|
| 588 |
0 |
|
|a Online resource; title from PDF title page (ScienceDirect, viewed September 26, 2014).
|
| 650 |
|
0 |
|a Life
|x Origin
|v Congresses.
|
| 650 |
|
6 |
|a Vie
|x Origines
|v Congrès.
|
| 650 |
|
7 |
|a Life
|x Origin
|2 fast
|
| 655 |
|
7 |
|a Electronic books.
|2 local
|
| 655 |
|
2 |
|a Congress
|
| 655 |
|
7 |
|a proceedings (reports)
|2 aat
|
| 655 |
|
7 |
|a Conference papers and proceedings
|2 fast
|
| 655 |
|
7 |
|a Conference papers and proceedings.
|2 lcgft
|
| 655 |
|
7 |
|a Actes de congrès.
|2 rvmgf
|
| 700 |
1 |
|
|a Oparin, A. I.
|q (Aleksandr Ivanovich),
|d 1894-1980,
|e editor.
|1 https://id.oclc.org/worldcat/entity/E39PBJqQtrqvtMvkTytCBJJ7HC
|
| 700 |
1 |
|
|a Clark, F.,
|e editor.
|
| 700 |
1 |
|
|a Synge, R. L. M.,
|e editor.
|
| 710 |
2 |
|
|a ScienceDirect (Online service)
|
| 758 |
|
|
|i has work:
|a The origin of life on the Earth (Text)
|1 https://id.oclc.org/worldcat/entity/E39PCGRfXQD7D7p4yhxypbdc8y
|4 https://id.oclc.org/worldcat/ontology/hasWork
|
| 856 |
4 |
0 |
|u http://proxy.library.tamu.edu/login?url=https://www.sciencedirect.com/science/book/9781483197371
|z Connect to the full text of this electronic book
|t 0
|
| 955 |
|
|
|a Elsevier ScienceDirect 2026-2027
|
| 994 |
|
|
|a 92
|b TXA
|
| 999 |
f |
f |
|i bcfe9308-e823-46ea-b94b-b4fab14cd0c7
|s 40e9507b-56cb-4c65-b89b-b3fa5a0aec26
|t 0
|
| 952 |
f |
f |
|a Texas A&M University
|b College Station
|c Electronic Resources
|s www_evans
|d Available Online
|t 0
|e QH325
|h Library of Congress classification
|
| 998 |
f |
f |
|a QH325
|t 0
|l Available Online
|